000 00414nam a22001457a 4500
005 20180803124334.0
020 _a8176487198
_c595.00
035 _aB-121894, B-121899
037 _aDPL
_bENG
100 _aBarua, Nayan
245 _aWomen entrepreneurship /
_cby Nayan Barua
260 _aNew Delhi
_bAPH Publishing Corporation
_c2005
300 _a250p.
_c20 cms.
942 _2ddc
_cEN
_h338.04
_mBAR
999 _c67009
_d67009